000 01297cam a2200313 i 4500
001 1744480
003 OSt
005 20230704131951.0
008 751202s1976 nyu b 001 0 eng
010 _a 75023999
020 _c$12.50.
_a0275894800
_c$4.95
040 _aDLC
_cDLC
_dDLC
043 _an-us---
050 0 0 _aKF4651.A5
_bC6
082 0 0 _a353.008/92
_bWIL
245 0 4 _aThe Constitution and the conduct of foreign policy :
_ban inquiry by a panel of the American Society of International Law /
_cedited by Francis O. Wilcox, Richard A. Frank ; published under the auspices of the American Society of International Law.
260 _aNew York :
_bPraeger,
_c1976.
300 _axiv, 145 p. ;
_c24 cm.
490 0 _aPraeger special studies in U.S. economic, social, and political issues
504 _aIncludes bibliographical references and index.
650 0 _aConstitutional law
_zUnited States.
650 0 _aWar and emergency powers
_zUnited States.
651 0 _aUnited States
_xForeign relations
_xLaw and legislation.
700 1 _aWilcox, Francis O.
_q(Francis Orlando),
_d1908-1985.
700 1 _aFrank, Richard A.
_q(Richard Anthony),
_d1911-
710 2 _aAmerican Society of International Law.
906 _a7
_bcbc
_corignew
_d1
_eocip
_f19
_gy-gencatlg
942 _2ddc
_cBK
999 _c3811
_d3811